• AIU
  • Tony Wilmot Memorial Library

How to prepare for the GRE, Graduate Record Examination / (Record no. 35271)

MARC details
000 -LEADER
fixed length control field 01494nam a22004331a 4500
001 - CONTROL NUMBER
control field 5367749
005 - DATE AND TIME OF LATEST TRANSACTION
control field 20151101020002.0
008 - FIXED-LENGTH DATA ELEMENTS--GENERAL INFORMATION
fixed length control field 050316s2005 nyua 001 0 eng
010 ## - LIBRARY OF CONGRESS CONTROL NUMBER
LC control number 2005046934
015 ## - NATIONAL BIBLIOGRAPHY NUMBER
National bibliography number GBA562911
Source bnb
016 7# - NATIONAL BIBLIOGRAPHIC AGENCY CONTROL NUMBER
Record control number 013261372
Source Uk
020 ## - INTERNATIONAL STANDARD BOOK NUMBER
International Standard Book Number 0764115928
020 ## - INTERNATIONAL STANDARD BOOK NUMBER
International Standard Book Number 0764115928
020 ## - INTERNATIONAL STANDARD BOOK NUMBER
International Standard Book Number 0764115928
020 ## - INTERNATIONAL STANDARD BOOK NUMBER
International Standard Book Number 0764115928
024 3# - OTHER STANDARD IDENTIFIER
Standard number or code 9780764132704
024 3# - OTHER STANDARD IDENTIFIER
Standard number or code 9780764178788
035 ## - SYSTEM CONTROL NUMBER
System control number (OCoLC)ocm58546344
035 ## - SYSTEM CONTROL NUMBER
System control number (JUDdb)97123
040 ## - CATALOGING SOURCE
Original cataloging agency DLC
Transcribing agency DLC
Modifying agency YDX
-- BAKER
-- VPL
-- RMC
-- UKM
-- BTCTA
-- IFH
-- JUDdb
049 ## - LOCAL HOLDINGS (OCLC)
Holding library IFHA
Local processing data bk1
Secondary bibliographic subdivision 30811001308034
050 00 - LIBRARY OF CONGRESS CALL NUMBER
Classification number LB 2367.4.B76 2000
Item number LB 2367.4.B76 2000
082 00 - DEWEY DECIMAL CLASSIFICATION NUMBER
Classification number 378.1/662
Edition number 22
090 ## - LOCALLY ASSIGNED LC-TYPE CALL NUMBER (OCLC); LOCAL CALL NUMBER (OCLC)
Classification number (OCLC) (R) ; Classification number, CALL (RLIN) (NR) LB2367.4
Local cutter number (OCLC) ; Book number/undivided call number, CALL (RLIN) .G747 2005
100 1# - MAIN ENTRY--PERSONAL NAME
Personal name Green, Sharon,
Dates associated with a name 1939-
245 10 - TITLE STATEMENT
Title How to prepare for the GRE, Graduate Record Examination /
Statement of responsibility, etc Sharon Weiner Green, Ira K. Wolf.
Medium [Text]
250 ## - EDITION STATEMENT
Edition statement 14th ed.
260 ## - PUBLICATION, DISTRIBUTION, ETC. (IMPRINT)
Place of publication, distribution, etc Hauppauge, N.Y.
Name of publisher, distributor, etc Barron's
Date of publication, distribution, etc 2000
300 ## - PHYSICAL DESCRIPTION
Extent vi, 543 p. :
Other physical details ill. ;
Dimensions 28 cm +
Accompanying material 1 CD-ROM (4 3/4 in.).
500 ## - GENERAL NOTE
General note At head of title: Barron's Includes index.
590 ## - LOCAL NOTE (RLIN)
Local note 30811001308034
650 #0 - SUBJECT ADDED ENTRY--TOPICAL TERM
Topical term or geographic name as entry element Graduate Record Examination
Form subdivision Study guides.
700 1# - ADDED ENTRY--PERSONAL NAME
Personal name Wolf, Ira K.
938 ## -
-- Baker & Taylor
-- BKTY
-- 29.99
-- 22.49
-- 0764178784
-- 0006307774
-- active
-- B&T Title: Barron's How To Prepare For The Gre
938 ## -
-- Baker & Taylor
-- BKTY
-- 16.99
-- 12.74
-- 0764132709
-- 0006307773
-- active
938 ## -
-- Baker and Taylor
-- BTCP
-- 2005046934
994 ## -
-- 01
-- IFH
942 00 - ADDED ENTRY ELEMENTS (KOHA)
Koha issues (borrowed), all copies 1
Holdings
Withdrawn status Lost status Source of classification or shelving scheme Damaged status Not for loan Collection code Home library Current library Shelving location Date acquired Cost, normal purchase price Total Checkouts Full call number Barcode Date last seen Date checked out Copy number Price effective from Koha item type
    Library of Congress Classification     General Circulation AIU/NEGST - Tony Wilmot Memorial Library AIU/NEGST - Tony Wilmot Memorial Library General Stacks 03/08/2010 42.30 1 LB 2367.4.B76 2000 R25571Y3232 09/02/2019 10/31/2015 1 03/08/2010 Books
    Library of Congress Classification     General Circulation AIU/NEGST - Tony Wilmot Memorial Library AIU/NEGST - Tony Wilmot Memorial Library CD & DVD Cabinet 06/17/2013     LB 2367.4.B76 1999 CD R27326Y3232 07/28/2014   2 06/17/2013 Compact Disc (Read Only Memory)